LOST by Surname Quiz Stats

Quiz Updated Feb 28, 2012

Also try: LOST Numbers
Challenge
Share
Tweet
Embed
Score 0/30 Timer 05:00
0 Plays Today
Last Name First Name % Correct
AustenKate
95.2%
LockeJohn
93.6%
ShephardJack
91.3%
KwonJin-Soo and Sun-Hwa
89.5%
LinusBen
89%
ReyesHugo
86.3%
AlpertRichard
86%
FordJames
84.2%
WidmoreCharles
83.9%
FaradayDaniel
83.4%
JarrahSayid
82.3%
HumeDesmond
78.2%
LittletonClaire
75.9%
RousseauDanielle
68.9%
LapidusFrank
63.2%
Last Name First Name % Correct
PaceCharlie
61.6%
CortezAna Lucia
60.3%
BurkeJuliet
52.9%
CarlyleBoone
46.7%
DawsonMichael
46.4%
StraumeMiles
38.6%
RutherfordShannon
37.6%
KeamyMartin
37.5%
LewisCharlotte
36.6%
RomEthan
35.1%
NadlerBernard and Rose
34.6%
ChangPierre
32.4%
FriendlyTom
31.4%
GoodspeedHorace
31.2%
DorritNaomi
17.2%

You're not logged in!

Compare scores with friends on all Sporcle quizzes.
Sign Up with Email
OR
Log In

You Might Also Like...

Show Comments

Extras

Top Quizzes Today


Score Distribution

Your Account Isn't Verified!

In order to create a playlist on Sporcle, you need to verify the email address you used during registration. Go to your Sporcle Settings to finish the process.